Select The Correct Video Games #1 - Statistics

General Stats
  • This quiz has been taken 23 times
  • The average score is 23 of 36
Answer Stats
Question Tile Select % Correct
9 games developed by a Japanese company No
96%
9 games developed by a Japanese company Yes
91%
9 games developed by a Japanese company Yes
91%
9 games developed by a Japanese company Yes
91%
9 games developed by a Japanese company No
91%
9 games developed by a Japanese company Yes
91%
9 games developed by a Japanese company Yes
87%
9 games developed by a Japanese company Yes
87%
9 games developed by a Japanese company Yes
87%
9 games with multiple endings Yes
74%
9 games with multiple endings Yes
74%
9 games with multiple endings Yes
70%
9 games with the lowest main story completion rating on Steam Yes
70%
9 games with multiple endings Yes
65%
9 games with multiple endings Yes
65%
9 games developed by a Japanese company Yes
61%
9 games with multiple endings Yes
61%
9 games with the lowest main story completion rating on Steam Yes
61%
9 games with the lowest main story completion rating on Steam No
61%
9 games with the lowest main story completion rating on Steam Yes
61%
9 games with multiple endings Yes
57%
9 games with multiple endings No
57%
9 games with multiple endings Yes
57%
9 games with the lowest main story completion rating on Steam Yes
57%
9 games developed by a Japanese company Yes
52%
9 games with multiple endings Yes
52%
9 games with multiple endings No
52%
9 games with the lowest main story completion rating on Steam Yes
52%
9 games with the lowest main story completion rating on Steam Yes
52%
9 games with the lowest main story completion rating on Steam Yes
52%
9 games with the lowest main story completion rating on Steam Yes
48%
9 games developed by a Japanese company No
43%
9 games with multiple endings No
43%
9 games with the lowest main story completion rating on Steam Yes
39%
9 games with the lowest main story completion rating on Steam No
17%
9 games with the lowest main story completion rating on Steam No
13%
No matching quizzes found
Score Distribution
Percent of People with Each Score
Percentile by Number Answered
Your Score History
You have not taken this quiz